| 000 | 00683cam a22002533a 4500 | ||
|---|---|---|---|
| 001 | 10177 | ||
| 003 | PGUSA | ||
| 005 | 20140828083221.0 | ||
| 008 | 031101s2003||||xxu|||||s|||||000 | eng d | ||
| 040 |
_aPGUSA _beng |
||
| 042 | _adc | ||
| 050 | 4 | _aM | |
| 245 | 1 | 0 |
_aRide of the Valkyries _h[electronic resource] |
| 260 |
_bProject Gutenberg, _c2003 |
||
| 500 | _aRecorded 1921. | ||
| 506 | _aPublic domain in the USA. | ||
| 516 | _aElectronic text | ||
| 653 | _aOperas -- Excerpts | ||
| 700 | 1 | _aAmerican Symphony Orchestra | |
| 700 | 1 |
_aWagner, Richard, _d1813-1883 |
|
| 830 | 0 |
_aProject Gutenberg _v10177 |
|
| 856 | 4 | 0 | _uhttp://www.gutenberg.org/ebooks/10177 |
| 942 | _cEB | ||
| 999 |
_c239432 _d239432 |
||